| 000 | 01178nam a2200361 a 4500 | ||
|---|---|---|---|
| 001 | |||
| 003 | DO-SdBNP | ||
| 005 | 20260424111843.0 | ||
| 008 | 090929s1993 dr r 000 0 spa d | ||
| 020 | _a8460456412 | ||
| 040 |
_aDO-SdBNP _bspa _cDO-SdBNP |
||
| 082 |
_a348.97293 _bS941c _2 |
||
| 100 | 1 |
_aSubero Isa, Jorge A., _d1947- _976863 |
|
| 110 |
_a _b _97906 |
||
| 245 | 1 | 3 |
_a4 años de jurisprudencia analítica dominicana 1985-1988 / _cJorge A. Subero Isa |
| 246 | 1 | 3 | _aCuatro años de jurisprudencia analítica dominicana 1985-1988 / |
| 260 |
_aSanto Domingo : _b Asociación Hipólito Herrera Billini, _c1993 |
||
| 300 |
_a364 p. : _c24 cm. |
||
| 490 | 1 |
_aDerecho _v9 |
|
| 500 | _a | ||
| 500 | _aIncluye índice | ||
| 500 | _a | ||
| 505 | 0 |
_g _t |
|
| 590 | _aInventariado,.2020/VM | ||
| 650 | 0 |
_aJurisprudencia, _xRecopilaciones, repertorios, etc. _924052 |
|
| 650 | 7 |
_aJurisprudencia _zRepública Dominicana _y1985-1988 _924053 _2Lemb |
|
| 650 | 7 |
_aLeyes _zRepública Dominicana _93033 |
|
| 651 | 4 |
_aRepública Dominicana _xSuprema Corte de Justicia _924054 |
|
| 830 | 0 |
_aDerecho _n9 _976864 |
|
| 910 | _a | ||
| 942 |
_2ddc _cLF1 |
||
| 956 | _aVMateo | ||
| 999 |
_c48869 _d48869 |
||